[Event "Torneo Internazionale"]
[Site "Las Palmas ESP"]
[Date "1975.04.??"]
[Round "2"]
[White "Tatai, Stefano"]
[Black "Larsen, Bent"]
[WhiteElo "2455"]
[BlackElo "2625"]
[Result "0-1"]
[PlyCount "144"]
[EventDate "1975.04.06"]

1. e4 c5 2. Nf3 e6 3. d3 b6 4. Nbd2 Bb7 5. Be2 Nc6 6. c3 Qc7 7. O-O Nf6 8. Re1
Be7 9. Bf1 h6 10. a3 a5 11. d4 d5 12. e5 Nd7 13. Nb3 c4 14. Nbd2 b5 15. b3 a4
16. b4 O-O-O 17. g3 g5 18. h3 Rdg8 19. Nh2 Kb8 20. Bg2 Nd8 21. Ra2 Ka7 22. Ndf1
Rg7 23. f4 f5 24. g4 fxg4 25. hxg4 gxf4 26. Bxf4 Nf8 27. Qc1 Nf7 28. Ng3 Ng5
29. Nh5 Rf7 30. Nf6 Ng6 31. Bxg5 hxg5 32. Nh5 Qd8 33. Rf1 Rxf1+ 34. Qxf1 Nf4
35. Rf2 Qf8 36. Qd1 Qh6 37. Nf1 Qh7 38. Nfg3 Qd3 39. Qc1 Rxh5 40. Nxh5 Ne2+ 41.
Rxe2 Qxe2 42. Nf6 Bd8 43. Kh2 Qd3 44. Nh5 Bc6 45. Ng3 Be8 46. Nf1 Be7 47. Ne3
Qh7+ 48. Kg1 Qf7 49. Qf1 Qf4 50. Qf2 Kb8 51. Bf3 Kc8 52. Bd1 Bg6 53. Kf1 Qe4
54. Ke1 Qb1 55. Nc2 Qc1 56. Qe3 Qb2 57. Kd2 Bxc2 58. Bxc2 Qxa3 59. Qf2 Bxb4 60.
cxb4 Qxb4+ 61. Ke2 Qe7 62. Qe1 Qa7 63. Qf2 Qg7 64. Kd2 a3 65. Kc1 b4 66. Qf3 b3
67. Bxb3 cxb3 68. Qxb3 Qa7 69. Qb4 Qc7+ 70. Kb1 Qb7 71. Qxb7+ Kxb7 72. Ka2 Ka6
0-1

[Event "Torneo Internazionale"]
[Site "Las Palmas ESP"]
[Date "1975.04.??"]
[Round "15"]
[White "Tatai, Stefano"]
[Black "Ljubojevic, Ljubomir"]
[WhiteElo "2455"]
[BlackElo "2615"]
[Result "1/2-1/2"]
[PlyCount "20"]
[EventDate "1975.04.06"]

1. e4 e6 2. d4 d5 3. Nd2 c5 4. exd5 exd5 5. Bb5+ Nc6 6. Ngf3 Bd6 7. O-O Nge7 8.
c4 O-O 9. dxc5 Bxc5 10. Nb3 Bb6 1/2-1/2